Peasant nationalists of Gujarat : Kheda District, 1917-1934 /

Bibliographic Details
Main Author: Hardiman, David
Format: Book
Language:English
Published: Delhi ; New York : Oxford University Press, 1981.
Subjects:

MARC

Tag First Indicator Second Indicator Subfields
LEADER 00000cam a2200000 a 4500
001 in00000098689
005 20150924085951.0
008 820507s1981 ii b b 00110 eng
010 |a  82128595  
020 |a 0195612558 :  |c Rs110.00 
035 |a (OCoLC)08235602 
035 |9 AAK9798AM 
039 0 |a 2  |b 3  |c 3  |d 3  |e 3 
040 |a DLC  |c DLC  |d TXA  |d UtOrBLW 
043 |a a-ii--- 
049 |a TXAM  |c [952446] 
050 0 0 |a DS485 K44  |b H37 1981 
082 0 |a 954/.75  |2 19 
100 1 |a Hardiman, David. 
245 1 0 |a Peasant nationalists of Gujarat :  |b Kheda District, 1917-1934 /  |c David Hardiman. 
264 1 |a Delhi ;  |a New York :  |b Oxford University Press,  |c 1981. 
300 |a x, 309 pages :  |b maps ;  |c 23 cm. 
336 |a text  |b txt  |2 rdacontent 
337 |a unmediated  |b n  |2 rdamedia 
338 |a volume  |b nc  |2 rdacarrier 
500 |a Based on the author's thesis (doctoral--University of Sussex, 1975) 
500 |a Includes index. 
504 |a Bibliography: pages 285-297. 
650 0 |a Nationalism  |z India  |z Kheda (District)  |x History. 
650 0 |a Peasants  |z India  |z Kheda (District) 
651 0 |a Kheda (India : District)  |x Politics and government. 
999 |a MARS 
999 f f |s 1d394459-464a-32f8-8d57-4331474ef666  |i c49d75cd-f374-3175-a075-ee6e1e21173f  |t 0 
952 f f |p ric  |a Texas A&M University  |b Rellis Campus  |c Joint Library Facility  |d Remote Storage  |t 0  |e DS485 K44 H37 1981  |h Library of Congress classification  |i unmediated -- volume  |m A14806034842 
998 f f |a DS485 K44 H37 1981  |t 0  |l Remote Storage